Making a statement (Record no. 72021)

MARC details
000 -LEADER
fixed length control field 01433cam a2200265 4500
001 - CONTROL NUMBER
control field ABS66379
008 - FIXED-LENGTH DATA ELEMENTS--GENERAL INFORMATION
fixed length control field 030131n2002 000 0 eng u
035 ## - SYSTEM CONTROL NUMBER
System control number (Sirsi) u121196
100 ## - MAIN ENTRY--PERSONAL NAME
Personal name Guild, A.
245 ## - TITLE STATEMENT
Title Making a statement
260 ## - PUBLICATION, DISTRIBUTION, ETC.
Date of publication, distribution, etc. 2002
490 ## - SERIES STATEMENT
Series statement Scottish Planner
Volume/sequential designation (90) December 2002, 10(1)
520 ## - SUMMARY, ETC.
Summary, etc. Discusses the importance of design in shaping rural communities in Scotland. Reports published in the 1990s found that poorly designed developments could damage the character of villages and evoke negative reactions from the community. In 1998 the Rural Design Group was set up by Rural Scotland to tackle this problem, and a pilot project in Tarland, Aberdeenshire, was launched using the Village Design Statements (VDS) model. The VDS for Tarland was prepared by an architect after consultation with local residents, and included business, tourism and community developments in addition to housing. Also looks at the proposed survey and VDS for the Angus village of Edzell, the results of which will be fed into the revised Angus Local Plan.
590 ## - LOCAL NOTE (RLIN)
Local note ABS
650 ## - SUBJECT ADDED ENTRY--TOPICAL TERM
Topical term or geographic name entry element LOCAL PLANNING
650 ## - SUBJECT ADDED ENTRY--TOPICAL TERM
Topical term or geographic name entry element RURAL COMMUNITIES
650 ## - SUBJECT ADDED ENTRY--TOPICAL TERM
Topical term or geographic name entry element ABERDEENSHIRE
650 ## - SUBJECT ADDED ENTRY--TOPICAL TERM
Topical term or geographic name entry element ANGUS
650 ## - SUBJECT ADDED ENTRY--TOPICAL TERM
Topical term or geographic name entry element SCOTLAND
650 ## - SUBJECT ADDED ENTRY--TOPICAL TERM
Topical term or geographic name entry element VILLAGE DESIGN
650 ## - SUBJECT ADDED ENTRY--TOPICAL TERM
Topical term or geographic name entry element VILLAGE DESIGN STATEMENTS
650 ## - SUBJECT ADDED ENTRY--TOPICAL TERM
Topical term or geographic name entry element HOUSING DEVELOPMENTS
690 ## - LOCAL SUBJECT ADDED ENTRY--TOPICAL TERM (OCLC, RLIN)
Topical term or geographic name as entry element ENVIRONMENTAL AND LAND CONSULTANCY-PLANNING AND DEVELOPMENT
942 ## - ADDED ENTRY ELEMENTS (KOHA)
Suppress in OPAC 0
Holdings
Withdrawn status Lost status Source of classification or shelving scheme Damaged status Not for loan Home library Current library Shelving location Date acquired Total Checkouts Full call number Barcode Date last seen Copy number Price effective from Koha item type
    Dewey Decimal Classification     London London Journal article 31/01/2003   ABS66379 121196-1001 06/08/2019 1 06/08/2019 Journal article